000 00464nam a2200181Ia 4500
008 230711s9999||||xx |||||||||||||| ||und||
020 _a978-81-7371-954-7
041 _aENG
082 _a4.678
_bBA-I
100 _aBehga, Arshdeep
245 0 _aInternet of Things : A Handbook Approach
250 _a1st Ed.
260 _c2022
_aNew Delhi
_bUniversities Press
300 _a520p.
650 _aComputer Engineering
700 _aMadisetti, Vijay
942 _cBK
999 _c6940
_d6940